[Event "TUR-ch U13/18"]
[Site "Antalya"]
[Date "2023.01.28"]
[Round "10"]
[White "Akkaya, Atakan"]
[Black "Turkmen, Yusuf Cagan"]
[Result "0-1"]
[WhiteElo "1506"]
[BlackElo "1943"]
[PlyCount "62"]
[EventDate "2023.01.17"]
[EventType "swiss"]
[EventRounds "10"]
[EventCountry "TUR"]
[SourceTitle "EXT 2024"]
[Source "ChessBase"]
[SourceDate "2023.10.10"]
[SourceVersion "1"]
[SourceVersionDate "2023.10.10"]
[SourceQuality "1"]

1. e4 c5 2. Nf3 e6 3. d4 cxd4 4. Nxd4 Nf6 5. Nc3 Nc6 6. Nxc6 bxc6 7. e5 Nd5 8. Ne4 Qc7 9. f4 Rb8 10. c4 Bb4+ 11. Kf2 0-0 12. Bd3 f6 13. cxd5 cxd5 14. Nxf6+ gxf6 15. Qg4+ Kh8 16. exf6 Bc5+ 17. Ke2 Rxf6 18. Qh5 d6 19. g4 Qf7 20. Qh4 Bd4 21. g5 Rf5 22. Bd2 e5 23. Rhg1 e4 24. g6 exd3+ 25. Kf3 Qg7 26. Bc3 Bxc3 27. gxh7 Bf6 28. Qe1 Qf7 29. Rc1 Qh5+ 30. Ke3 d4+ 31. Kd2 Rxb2+ 0-1

[Event "TUR-ch U13/18"]
[Site "Antalya"]
[Date "2023.01.27"]
[Round "9"]
[White "Akkaya, Atakan"]
[Black "Bozkurt, Suleyman Safa"]
[Result "0-1"]
[WhiteElo "1506"]
[BlackElo "1463"]
[PlyCount "88"]
[EventDate "2023.01.17"]
[EventType "swiss"]
[EventRounds "10"]
[EventCountry "TUR"]
[SourceTitle "EXT 2024"]
[Source "ChessBase"]
[SourceDate "2023.10.10"]
[SourceVersion "1"]
[SourceVersionDate "2023.10.10"]
[SourceQuality "1"]

1. e4 e6 2. d4 d5 3. Nd2 Be7 4. e5 c5 5. c3 Nc6 6. Bd3 Qb6 7. Ndf3 cxd4 8. cxd4 Bb4+ 9. Kf1 Bd7 10. Ne2 Nh6 11. g3 0-0-0 12. Kg2 Kb8 13. a3 Be7 14. b4 f6 15. Be3 Ng4 16. Bf4 fxe5 17. Nxe5 Ncxe5 18. Bxe5+ Nxe5 19. dxe5 Rdf8 20. Rf1 g5 21. Qd2 g4 22. Qe3 Qd8 23. Nd4 h5 24. Ra2 Qe8 25. Rc2 Bd8 26. Nb3 Ba4 27. Be2 Bb6 28. Qd3 Bxb3 29. Qxb3 Bd4 30. b5 Qd8 31. a4 Bxe5 32. Qe3 Qf6 33. b6 a6 34. a5 Bd4 35. Qa3 e5 36. f3 Qe6 37. Rc7 h4 38. fxg4 Rxf1 39. Bxf1 h3+ 40. Kh1 Qf6 41. Bxa6 bxa6 42. Rc1 Rf8 43. Qd3 Qf2 44. Rc8+ Rxc8 0-1